000
00265nam a22001217a 4500
999
_c
13107
_d
13107
020
_a
9780241317693
082
_a
150
100
_a
Jo Hemmings
245
_a
How Psychology Works
260
_a
China
_b
Penguin Random House
_c
2018
300
_a
255 pages
942
_c
BK